000 01408nkm a2200313 i 4500
001 4346
003 ES-MaACL
005 20250713063022.0
007 khrbo
008 070710s1988 sp --- g |001||spa d
100 0 _aAlfonso,
_d1902-1990
_919858
245 1 0 _aMesa redonda "¿Qué sabes de Erasmus?" [
_hFotografía] /
_cAlfonso (sello).
260 _a[S.l. :
_bs.n.],
_c1988.
300 _a2 fot. :
_bb. y n. ;
_c12 x 18 cm.
500 _aDatos basados en invitación.
511 0 _aIntervienen: Gustavo Villapalos, Rafael Portaencasa, Cayetano López, Antonio Rodríguez, Manuel Gala; modera: Carmela Barcia.
518 _aActo organizado por el Ateneo de Madrid en colaboración con los Estados Generales de los Estudiantes de Europa, celebrado en el salón de actos el martes, 31 de mayo de 1988, a las 19:00 h.
600 1 4 _aVillapalos Salas, Gustavo,
_d1949-2021
_9115059
600 1 4 _aPortaencasa Baeza, Rafael.
_993186
600 1 4 _aLópez, Cayetano.
_973318
600 1 4 _aRodríguez, Antonio.
_998211
600 1 4 _aGala Muñoz, Manuel.
_953277
600 1 4 _aBarcia, Carmela.
_925539
610 2 4 _aAteneo de Madrid-
_xActos culturales-
_y1988-
_vFotografías.
_91903
710 2 _aAteneo de Madrid.
_91875
852 _aES-MaACL
_jFOT 160/1988
856 4 _uhttp://www.ateneodemadrid.net/biblioteca_digital/imagenes/1988/0160-1988.jpg
_zVer imagen
999 _c4346
_d4346